| 000 | 00521nam a2200181 i 4500 | ||
|---|---|---|---|
| 001 | 145730 | ||
| 003 | ES-MaACL | ||
| 005 | 20230906201310.0 | ||
| 007 | t| | ||
| 008 | 071016s1912 ag ||||1| spa d | ||
| 100 | 1 |
_aVera y González, Emilio. _9113969 |
|
| 245 | 1 | 0 |
_aGramática de la lengua castellana / _cEmilio Vera y González. |
| 250 | _a2ª ed. | ||
| 260 |
_aBuenos Aires : _bCabaut, _c1912. |
||
| 300 |
_aXV, 436 p. ; _c19 cm. |
||
| 650 | 4 |
_aLengua española- _xGramática. _914161 |
|
| 852 |
_aES-MaACL _jD-654 |
||
| 999 |
_c145730 _d145730 |
||